Dharmo Rakashti Rakshithaa (Record no. 347841)

MARC details
000 -LEADER
fixed length control field 003650000a22001570004500
005 - DATE AND TIME OF LATEST TRANSACTION
control field 20120302055229.0
040 ## - CATALOGING SOURCE
Original cataloging agency SAN
100 ## - MAIN ENTRY--PERSONAL NAME
Personal name Degawekar,Maa.Paa.
245 ## - TITLE STATEMENT
Title Dharmo Rakashti Rakshithaa
260 ## - PUBLICATION, DISTRIBUTION, ETC. (IMPRINT)
Place of publication, distribution, etc Pune:Heramba,1997.
300 ## - PHYSICAL DESCRIPTION
Extent 240p.
365 ## - TRADE PRICE
Price amount 200/-
490 ## - SERIES STATEMENT
Series statement Sanskrit Gadya Saurabha Granthmaalaa-4.
650 ## - SUBJECT ADDED ENTRY--TOPICAL TERM
Topical term or geographic name as entry element Dharma
942 ## - ADDED ENTRY ELEMENTS (KOHA)
Koha item type Book
Holdings
Withdrawn status Lost status Damaged status Not for loan Home library Current library Date acquired Total Checkouts Barcode Date last seen Price effective from
        Institute For Oriental Study, Thane Institute For Oriental Study, Thane 12/02/2009   IOS-8100 12/02/2009 12/02/2009